| 000 | 00458cam a2200181ua 4500 | ||
|---|---|---|---|
| 020 | _cRs 1.00 | ||
| 041 |
_amal _h |
||
| 082 |
_a894.8122 _bKSK/RA |
||
| 100 | _aK S K, Talikulam . | ||
| 245 |
_aRandu sundharimar : Two short plays / _cK S K Talikulam. _hTextual Documents |
||
| 260 |
_aThrissur : _bCurrent Books , _c1963. |
||
| 300 | _a60 ; . | ||
| 365 | _aRs 1.00 | ||
| 504 | _a | ||
| 650 | _aShort plays | ||
| 942 | _cBK | ||
| 999 |
_c430 _d430 |
||